000 01258nas a2200289 4500
001 BR8102396
003 BR-BrBNA
005 20231205084656.0
007 ta
008 230509b bl.|||p| |||| 00| 00por d
040 _aBR-BrBNA
_bpor
_cBiblioteca Nacional de Agricultura
041 _a(Pt)
072 _aL73
100 1 _aPustiglione Netto, L.
100 1 _aYida, O.
111 1 _a16. Congresso Brasileiro de Medicina Veterinaria
_cSalvador, BA (Brazil)
_dOct 1978
245 1 _aAcao de uma solucao injetavel contendo acido 3-piridinocarboxilico e sal calcico de n-(2,4)diidroxi-3,3-dimetil-1-oxobutil)-beta-alamina no tratamento sintomatico da febre aftosa em bovinos e suinos [Bos taurus; Sus domesticus]
246 1 _aThe action of an injectable solution of acid 3-pyridine-carboxilicum and calcium salt of n-(2,4 diidroxy-3,3-dimetyl-1-oxobutyl)-beta-alamine in the sintomatic treatment of foot-and-mouth disease in catle and swine [Bos taurus; Sus domesticus]
650 _aDoenca animal
650 _aBovino
650 _aSUÍNO
650 _aAftosa
650 _aSintoma
773 0 _tBiologico (Brazil)
_xISSN 0366-0567
_g(Jan 1981), v. 47(1) p. 17-20
_wBR8102396
909 _a202311
_bLúcia
_c55
_dLúcia Elande
942 _2AGRIS
_n0
_cANA
999 _c106609
_d106609